Départements et préfectures les plus et moins peuplés par région - Statistiques

Statistiques générales
  • Ce quiz a été pris 41 fois
  • Le résultat moyen est 43 sur 52
Statistiques - réponses
Région Réponse % Correct
Lyon
97%
Auvergne-Rhône-Alpes Rhône
97%
Ajaccio
94%
Corse-du-Sud
94%
Corse Haute-Corse
94%
Bretagne Ille-et-Vilaine
94%
Marseille
94%
Île de France Paris
94%
Paris
94%
Rennes
94%
Strasbourg
94%
Grand-Est Bas-Rhin
91%
Bastia
91%
Bordeaux
91%
Dijon
91%
Pays de la Loire Loire-Atlantique
91%
Nantes
91%
Hauts-de-France Nord
91%
Toulouse
91%
Tours
91%
Provence-Alpes-Côte-d'Azur Bouches-du-Rhône
88%
Lille
88%
Centre Loiret
88%
Rouen
88%
Côtes-d'Armor
85%
Indre
85%
Territoire de Belfort
85%
Aisne
82%
Nouvelle-Aquitaine Gironde
82%
Occitanie Haute-Garonne
82%
Lozère
82%
Normandie Seine-Maritime
82%
Cantal
79%
Saint-Brieuc
79%
Bar-le-Duc
76%
Creuse
76%
Hautes-Alpes
76%
Bourgogne-Franche-Comté Saône-et-Loire
76%
Chartres
73%
Digne-les-Bains
73%
Laon
73%
Mayenne
73%
Privas
73%
Saint-Lô
73%
Haute-Marne
70%
Melun
70%
Orne
70%
Laval
67%
Val-d'Oise
67%
Foix
64%
Guéret
64%
Vesoul
64%
Aucun quiz correspondant
Distribution des résultats
% des personnes avec chaque résultat
Percentile par nombre de réponses
Votre historique - résultats
Vous n’avez pas pris ce quiz